00251pam a2200097a 44500008004100000041000800041100001700049245002600066260005300092300000800145230405s1900 xxu||||| |||| 00| 0 eng d aENG abalagurusamy aprogramming in ansi C anew delhibTata McGraw Hill Publishing Co.c1900 a494